000
00257 a2200073 4500
082
_a
629.136 AIR
245
_a
Advisory Circular : Airport Pavement Design /
_c
US Dept of Transportation FAA
260
_a
USA :
_b
Federal Aviation Adminstration,
_c
1978
300
_a
various pagings :
_b
ill . ;
_c
27cm
999
_c
1637
_d
1637